Jesuitas 1971 /

Gespeichert in:
Bibliographische Detailangaben
Körperschaft: Compañía de Jesús. Provincia Mexicana
Format: Buch
Sprache:Spanisch
Veröffentlicht: México : Compañía de Jesús, Provincia Mexicana, 1971
Schlagworte:
Tags: Tag hinzufügen
Keine Tags, Fügen Sie das erste Tag hinzu!

MARC

LEADER 00000nam^a2200000^a^4500
001 000586658
005 20250526000000.0
009 20260310132755.105
037 |a Acervo ITESO - Biblioteca 
041 |a ESP 
082 |a 255. 5300972  |b COM JES 1971 
110 |a Compañía de Jesús.  |b Provincia Mexicana 
245 1 0 |a Jesuitas 1971 / 
264 1 |a México :  |b Compañía de Jesús, Provincia Mexicana,  |c 1971 
300 |a [20 p.] ;  |c 20.0 cm. 
336 |a texto  |b txt  |2 rdacontenido 
337 |a sin mediación  |b n  |2 rdamedio 
338 |a volumen  |b nc  |2 rdasoporte 
649 |a XX 
650 |a Jesuitas en México -  |x Historia -  |y 1970-1979 
650 |a Jesuitas en México -  |x Formación -  |x Tema Principal 
650 |a Monasticismo y Ordenes Religiosas -  |x Formación 
650 |a Ordenación Sacerdotal -  |x Tema Principal 
650 |a Iglesia Católica 
650 |a Catolicismo 
650 |a Cristianismo 
650 |a Religión 
910 |a Fondo Jesús Gómez Fregoso S.J. ITE 
920 |a Impresos - Libros 
930 |a Libros Antiguos y Raros 
940 |a Jesuitas 
905 |a 138 
901 |a 0500414450  |b IT2  |c LRA  |i D69412  |u 20250526 
901 |a 0500414451  |b IT2  |c LRA  |i D69411  |u 20250526 
902 |a https://opac.biblio.iteso.mx/vufind/Record/000586658